Arachne ou L´Art de la Tapisserie (Record no. 1610)

MARC details
000 -CABECERA
campo de control de longitud fija 00677nam a2200217 a 4500
001 - NÚMERO DE CONTROL
campo de control BRCA_1829
005 - FECHA Y HORA DE LA ÚLTIMA TRANSACCIÓN
campo de control 20190320203551.0
008 - DATOS DE LONGITUD FIJA--INFORMACIÓN GENERAL
campo de control de longitud fija 210508s----1971fr-a---###---#000-0#fre-#
050 #4 - SIGNATURA TOPOGRÁFICA DE LA BIBLIOTECA DEL CONGRESO
Número de clasificación NK2995
Número de documento/Ítem .C64 1971
100 1# - ENTRADA PRINCIPAL--NOMBRE DE PERSONA
Nombre de persona Coffinet, Julien
9 (RLIN) 5685
245 10 - MENCIÓN DE TÍTULO
Título Arachne ou L´Art de la Tapisserie
Mención de responsabilidad, etc. Julien Coffinet.
260 ## - PUBLICACIÓN, DISTRIBUCIÓN, ETC.
Lugar de publicación, distribución, etc. Genève
Nombre del editor, distribuidor, etc. Editions de la Coulouvrenière
Fecha de publicación, distribución, etc. 1971
300 ## - DESCRIPCIÓN FÍSICA
Extensión 245 p.
Otras características físicas il.
Dimensiones 31 cm.
500 ## - NOTA GENERAL
Nota general Incluye índice de técnica
500 ## - NOTA GENERAL
Nota general Colección Sonia Corcuera de Mancera
650 14 - PUNTO DE ACCESO ADICIONAL DE MATERIA--TÉRMINO DE MATERIA
Término de materia o nombre geográfico como elemento de entrada Tapices
Subdivisión general Historia
9 (RLIN) 5686
650 14 - PUNTO DE ACCESO ADICIONAL DE MATERIA--TÉRMINO DE MATERIA
Término de materia o nombre geográfico como elemento de entrada Tejido
Subdivisión general Método de Gobelins
9 (RLIN) 5687
650 14 - PUNTO DE ACCESO ADICIONAL DE MATERIA--TÉRMINO DE MATERIA
Término de materia o nombre geográfico como elemento de entrada Textiles
Subdivisión general Artes decorativas
9 (RLIN) 5688
902 ## - CATALOGADOR
Iniciales DSC
942 ## - ELEMENTOS DE PUNTO DE ACCESO ADICIONAL (KOHA)
Fuente del sistema de clasificación o colocación Library of Congress Classification
Tipo de ítem Koha Libros
Holdings
Estado de retiro Estado de pérdida Estado dañado No para préstamo Localización permanente Ubicación/localización actual Fecha de adquisición Total de préstamos Signatura topográfica completa Código de barras Fecha visto por última vez Precio válido a partir de Tipo de ítem Koha
El ejemplar forma parte de la colección y puede ser consultado según las políticas vigentes.       Biblioteca del Museo Franz Mayer (Rogerio Casas-Alatriste) Biblioteca del Museo Franz Mayer (Rogerio Casas-Alatriste) 27/06/2008   NK2995 .C64 1971 DSC00074 22/03/2019 22/03/2019 Libros